000 01962cam a22004454i 4500
003 PE-LiUPU
005 20250731173138.0
008 150623s1980 tnu r 000 0 eng d
020 _a0812702611
035 _a(Sirsi) i9780812702613
040 _aPE-LiUPU
_bspa
_cPE-LiUPU
_erda
049 _aPRUA
082 0 4 _a228.066
_bZ96
_221
100 1 _aZurcher, J.R.,
_eautor.
245 1 0 _aChrist of the revelation :
_bhis message to the church and the world /
_cJ.R. Zurcher.
264 1 _aTennessee :
_bSouthern Publishing Association,
_c1980.
300 _a124 páginas ;
_c20 centímetros
336 _atext
_2rdacontent
337 _aunmediated
_2rdamedia
338 _avolume
_2rdacarrier
505 0 _aA revelation of Jesus Christ -- The testimony of Jesus to his church -- The messages of Jesus to the churches of the early centuries -- The message of Jesus to the Churches of the middle ages -- The message of Jesus to the churches of modern times -- The message of Jesus to the Church of today -- "Knowing the time" -- The hour of judgment -- A contemporary message -- Come out of Babylon -- A solemn warning -- The message of justification by faith -- Lo! he comes.
526 _aSEG42
526 _aSEG41
526 _aSEG40
526 _aSEG39
526 _aP94
526 _aP87
526 _aP86
526 _aP85
526 _aP77
526 _aP76
526 _aP35
630 _aBiblia.
_pN.T.
_pApocalipsis
_xCrítica, interpretación, etc.
942 _2ddc
_cBOOK
949 _a228.066 Z96
_wDEWEY
_c1
_i52369
_lCCODEBUL1
_mBUL
_p4.00
_r0
_sY
_tBOOK
_u2015-6-24
_xTEOLOGIA
_PP35
_0COMPRA
_o.STAFF. Colección General
994 _aC0
_bPEPRU
596 _a1
999 _a228.066 Z96
_wDEWEY
_c34194
_i52369
_e2017-4-23
_f2021-11-9
_g4
_lCCODEBUL1
_mBUL
_n1
_p4.00
_r0
_sY
_tBOOK
_u2015-6-24
_xTEOLOGIA
_PP35
_0COMPRA
_o.STAFF. Colección Teología
_d34194
980 _81
_gALBERTO SANCHEZ Responsable de Automatización